000 00751cam a2200229 a 4500
001 3505900
005 20251112190845.0
008 950530s1996 ohua 001 0 eng
020 _a0024080136
020 _a9780024080134
050 0 0 _aTK6650
_b.S36 1996
082 0 0 _a621.388/0028/8
_220
100 1 _aSchoenbeck, Robert J.
245 1 0 _aElectronic video systems :
_bdiagnostics and maintenance /
_cRobert J. Schoenbeck.
260 _aEnglewood Cliffs, N.J. :
_bPrentice Hall,
_cc1996.
300 _axvii, 334 p. :
_bill. (some col.) ;
_c29 cm.
500 _aIncludes index.
650 0 _aTelevision
_xRepairing.
650 0 _aTelevision
_xReceivers and reception.
650 0 _aHome video systems
_xMaintenance and repair.
942 _2lcc
_cBK
_n0
999 _c8250
_d8250